Guess the korean artist - Statistics

General Stats
  • This quiz has been taken 45 times
  • The average score is 7 of 16
Answer Stats
Picture Answer % Correct
bts
95%
seventeen
90%
super junior
70%
btob
68%
ikon
58%
key
53%
wanna one
48%
day6
43%
superm
43%
chen
40%
sf9
33%
victon
23%
x1
20%
therose
18%
golden child
13%
verivery
13%
No matching quizzes found
Score Distribution
Percent of People with Each Score
Percentile by Number Answered
Your Score History
You have not taken this quiz